Novela postupov účtovania pre poisťovne

Opatrenie č. MF/10551/2004-74 nadobudlo účinnosť 1. 1. 2005. Mení sa ním a dopĺňa opatrenie č. 22212/2002-92, ktorým sa ustanovujú podrobnosti o postupoch účtovania a rámcovej účtovej osnove pre poisťovne, pobočky zahraničných poisťovní, zaisťovne, pobočky zahraničných zaisťovní a Slovenskú kancelár...

Ausführliche Beschreibung

Gespeichert in:
Bibliographische Detailangaben
1. Verfasser: Meluchová, Jitka, 1965-
Format: Buchkapitel
Sprache:Slowakisch
Schlagworte:
Tags: Tag hinzufügen
Keine Tags, Fügen Sie das erste Tag hinzu!

MARC

LEADER 00000naa$a2200000$$$4500
001 0025914
005 20240502071423.6
041 0 |a slo 
044 |a SK 
245 1 0 |a Novela postupov účtovania pre poisťovne  |c Jitka Meluchová 
520 |a Opatrenie č. MF/10551/2004-74 nadobudlo účinnosť 1. 1. 2005. Mení sa ním a dopĺňa opatrenie č. 22212/2002-92, ktorým sa ustanovujú podrobnosti o postupoch účtovania a rámcovej účtovej osnove pre poisťovne, pobočky zahraničných poisťovní, zaisťovne, pobočky zahraničných zaisťovní a Slovenskú kanceláriu poisťovateľov. Pôsobnosť opatrenia sa rozširuje aj na účtovné jednotky, ktorými sú zdravotné poisťovne. 
610 2 0 |a poisťovne 
610 2 0 |a zaisťovne 
610 2 0 |a postupy účtovné 
610 2 0 |a osnova účtová 
610 2 0 |a opatrenia 
610 2 0 |a novelizácia 
610 2 0 |a Slovensko 
610 2 0 |a poisťovne zdravotné 
610 2 0 |a 2004 
100 1 |a Meluchová, Jitka, 1965-